Pays qui contiennent la lettre Q - Statistiques

Statistiques générales
  • Ce quiz a été pris 304 fois
  • Le résultat moyen est 9 sur 16
Statistiques - réponses
Indice Pays % Correct
1 x Q Qatar
95%
2 x Q République Démocratique du Congo
75%
1 x Q République du Congo
73%
1 x Q Équateur
65%
2 x Q République Tchèque
65%
1 x Q République Centrafricaine
63%
1 x Q République Dominicaine
63%
1 x Q Mozambique
61%
1 x Q Afrique du Sud
58%
1 x Q Turquie
54%
1 x Q Dominique
52%
1 x Q Mexique
52%
1 x Q Belgique
47%
1 x Q Slovaquie
45%
1 x Q Jamaïque
42%
1 x Q Guinée Équatoriale
34%
Aucun quiz correspondant
Distribution des résultats
% des personnes avec chaque résultat
Percentile par nombre de réponses
Votre historique - résultats
Vous n’avez pas pris ce quiz